ذو القرنين / (رقم التسجيلة. 19609)

تفاصيل مارك
000 -الفاتح
عناصر البيانات ثابتة الطول 00532cam a2200169 i 4500
005 - تاريخ ووقت آخر معاملة
حقل ضبط 20251127102356.0
008 - عناصر البيانات ثابتة الطول
عناصر البيانات ثابتة الطول 250721s2011 ua gr 000 0 ara d
082 14 - رقم تصنيف ديوي العشري
رقم التصنيف 211.8
رقم المادة ح ا م
100 1# - مدخل رئيسي – اسم شخصي
الاسم الشخصي حامد، إسماعيل
علاقة الشخص بالعمل/ دوره مؤلف.
245 10 - بيان العنوان
العنوان ذو القرنين /
بيان المسؤولية تأليف اسماعيل حامد.
250 ## - بيان الطبعة
بيان الطبعة الطبعة الاولى.
264 31 - بيانات النشر، التوزيع…إلخ
مكان النشر، التوزيع...إلخ القاهرة :
اسم الناشر، الموزع...إلخ مكتبة النافذة،
تاريخ النشر، التوزيع...إلخ 2011.
300 ## - الوصف المادي
عدد الوحدات المكونة للوعاء 130صفحة.
650 17 - مدخل إضافي بالموضوع - مصطلح موضوعي
مصطلح موضوعي أو اسم جغرافي كعنصر مدخل قصص الانبياء.
942 ## - بيانات إضافية (كوها)
نوع التنصيف Dewey Decimal Classification
نوع المادة (كوها) كتب
المقتنيات
حالة السحب حالة الفقدان مصدر التصنيف حالة التلف غير قابل للإعارة المكتبة الرئيسية المكتبة الحالية موقع الرف تاريخ التزويد الرقم المتسلسل Total Checkouts رقم الإستدعاء الباركود تاريخ آخر ظهور تاريخ الفاتورة نوع المادة (كوها)
    Dewey Decimal Classification     المكتبة المركزية المكتبة المركزية الإعارة 28/07/2025 1507670   211.8 / ح ا م PLD00237372 28/07/2025 28/07/2025 كتب
    Dewey Decimal Classification     المكتبة المركزية المكتبة المركزية مقتنيات قسم التزويد 28/07/2025 1739661   211.8/حام   28/07/2025 28/07/2025 كتب
    Dewey Decimal Classification     مكتبة أبو علندا العامة مكتبة أبو علندا العامة الإعارة 22/01/2012 1507671   211.8/حام PLD00237420 28/07/2025 22/01/2012 كتب
Implemented & Customized by: BBB with SCIT (Smart Chains for Information Technology)

Powered by Koha